000 00836nam0a22002291 4500
001 rc\2753399
005 20260407141821.0
035 _a(NLR Aleph) 006880235
090 _a7039463
_c7039463
100 _a20110915d1939 |||y0rusy50 ca
101 0 _arus
102 _aRU
105 _ay z |||||
200 1 _aИнструкция по силосованию кормов в совхозах НКСХ
_fНар. ком. зерн. и жив. совхозов СССР
210 _aМосква
_cТех. отдел по зерносовхозам
_d1939
215 _aТит. л., 14 с., без обл.
_d20 см.
710 0 1 _aСССР
_bГлавное упр. мясосовхозов
_3RU\NLR\AUTH\8810010551
_9518764
801 0 _aRU
_bNLR
_gpsbo
801 1 _aRU
_bELAR
_2rusmarc
852 _aNLR
_j39-10/1492
942 _cBOOK
980 _aNB